00371nam a2200145 a 450000100060000000300090000600800410001502000150005604000280007108200090009924500370010826000500014530000070019565000230020213723CO-ViMGA141112s2004 ck r 000 u spa d a8482802054 aCO-ViMGAbspacCO-ViMGA04aALIa10aAli baba y los cuarenta ladrones aSantafé de Bogotá : bOveja Negra, cs.f. a1214aCUENTOS INFANTILES